[Event "Itzehoe op 3rd"]
[Site "Itzehoe"]
[Date "2024.05.11"]
[Round "5"]
[White "Alvermann, Christian"]
[Black "Ploog, Jakob"]
[Result "1-0"]
[WhiteElo "1864"]
[BlackElo "1693"]
[PlyCount "147"]
[EventDate "2024.05.09"]
[EventType "swiss"]
[EventRounds "7"]
[EventCountry "GER"]
[SourceTitle "CBM 220 Extra"]
[Source "ChessBase"]
[SourceDate "2024.07.31"]
[SourceVersion "1"]
[SourceVersionDate "2024.07.31"]
[SourceQuality "1"]

1. e4 c5 2. Nf3 Nc6 3. d4 cxd4 4. Nxd4 e5 5. Nb3 d6 6. Nc3 a6 7. Be2 Be7 8. 0-0 Be6 9. Be3 Nf6 10. Nd5 0-0 11. Bb6 Qd7 12. Nxf6+ Bxf6 13. Qd2 Bd8 14. Be3 Bc7 15. Rad1 Rad8 16. c4 Qe7 17. Rc1 f5 18. Bg5 Qf7 19. Bxd8 Rxd8 20. exf5 Qxf5 21. Qe3 Rf8 22. Bd3 Qh5 23. f4 d5 24. cxd5 Bxd5 25. Bc4 Nb4 26. Bxd5+ Nxd5 27. Qf3 Bb6+ 28. Kh1 Qxf3 29. gxf3 Nxf4 30. Rcd1 h6 31. Rd7 Rb8 32. Re1 Re8 33. Rxb7 Bf2 34. Rf1 Rd8 35. Rb4 Nd3 36. Re4 Ba7 37. Re2 Rd6 38. Nd2 Nf4 39. Ne4 Rg6 40. Rc2 Nd5 41. Rc8+ Kh7 42. Rd8 Ne3 43. Rg1 Rxg1+ 44. Kxg1 Nd1+ 45. Kf1 Nxb2 46. Ra8 Bd4 47. Rxa6 Nc4 48. a4 Ne3+ 49. Ke2 Nf5 50. Ra8 Bg1 51. a5 Bxh2 52. a6 Bg1 53. a7 Kg6 54. Nf2 Nd4+ 55. Kf1 Bxf2 56. Rf8 Ne6 57. a8Q Nxf8 58. Qxf8 Bd4 59. Kg2 h5 60. Kg3 Kh6 61. f4 e4 62. Qd6+ Bf6 63. Qe6 e3 64. Qxe3 g6 65. Qe6 Kg7 66. Kf3 Ba1 67. Qe7+ Kh6 68. Qg5+ Kh7 69. Ke4 Bb2 70. Kd5 Bc3 71. Ke6 Kg7 72. f5 h4 73. Qxg6+ Kh8 74. Kf7 1-0

[Event "Oberliga Ost-A 1819"]
[Site "Germany"]
[Date "2019.04.06"]
[Round "10.8"]
[White "Lopez Rojas, Jeffrey"]
[Black "Alvermann, Christian"]
[Result "1-0"]
[WhiteElo "2194"]
[BlackElo "1902"]
[PlyCount "75"]
[EventDate "2018.10.21"]
[EventType "team-tourn"]
[EventRounds "11"]
[EventCountry "GER"]
[SourceTitle "EXT 2020"]
[Source "ChessBase"]
[SourceDate "2019.10.17"]
[SourceVersion "1"]
[SourceVersionDate "2019.10.17"]
[SourceQuality "1"]
[WhiteTeam "Magdeburg Aufbau Elbe"]
[BlackTeam "Leipzig VfB"]
[WhiteTeamCountry "GER"]
[BlackTeamCountry "GER"]

1. d4 Nf6 2. c4 g6 3. Nf3 Bg7 4. g3 0-0 5. Bg2 d6 6. 0-0 Nbd7 7. Nc3 c6 8. e4 Qc7 9. Re1 e5 10. h3 Re8 11. Be3 h6 12. Qc2 Nf8 13. Rad1 N6d7 14. b3 a5 15. d5 c5 16. Nh2 Qd8 17. Ng4 g5 18. Bd2 Ng6 19. Ne3 Ne7 20. Nb5 Nf6 21. Bc3 Nh7 22. a4 Rf8 23. Kh2 Ra6 24. Nf5 Bxf5 25. exf5 Bf6 26. Re2 Bg7 27. Rde1 f6 28. Rh1 Qd7 29. Ree1 Bh8 30. Bf3 Rf7 31. Bg4 Nf8 32. f4 Qd8 33. Bh5 Rh7 34. Rhf1 Nc8 35. Qe2 Qe7 36. fxe5 dxe5 37. Qf3 b6 38. d6 1-0

[Event "Erfurt op-B 28th"]
[Site "Erfurt"]
[Date "2018.12.28"]
[Round "5"]
[White "Seifert, Martin"]
[Black "Alvermann, Christian"]
[Result "0-1"]
[WhiteElo "1995"]
[BlackElo "1836"]
[PlyCount "88"]
[EventDate "2018.12.26"]
[EventType "swiss"]
[EventRounds "8"]
[EventCountry "GER"]
[SourceTitle "EXT 2021"]
[Source "ChessBase"]
[SourceDate "2020.10.23"]
[SourceVersion "1"]
[SourceVersionDate "2020.10.23"]
[SourceQuality "1"]

1. e4 c5 2. Nf3 e6 3. d4 cxd4 4. Nxd4 Nf6 5. Nc3 d6 6. g4 Be7 7. g5 Nfd7 8. h4 Nc6 9. Be3 a6 10. Qd2 Qc7 11. 0-0-0 b5 12. f4 Bb7 13. Nb3 Na5 14. Nxa5 Qxa5 15. Qd4 b4 16. Nb1 0-0 17. Bc4 Nc5 18. Nd2 e5 19. fxe5 dxe5 20. Bxf7+ Rxf7 21. Qc4 Qb5 22. Bxc5 Qxc4 23. Nxc4 Bxc5 24. g6 hxg6 25. Nxe5 Rc7 26. Rde1 Re8 27. Nxg6 Rxe4 28. h5 Rxe1+ 29. Rxe1 Kh7 30. Re8 Kh6 31. Nf4 Re7 32. Rh8+ Kg5 33. Nd3 Be3+ 34. Kb1 Rf7 35. a3 bxa3 36. bxa3 Bd5 37. Rd8 Bf3 38. Ne5 Rb7+ 39. Ka2 Bxh5 40. Rd5 Kh4 41. Rd3 Bf4 42. Rd4 Kg5 43. Nd3 Bf7+ 44. Ka1 Bd2 0-1

[Event "Leipzig VfB op 25th"]
[Site "Leipzig"]
[Date "2018.03.24"]
[Round "8"]
[White "Alvermann, Christian"]
[Black "Fischer, Edwin"]
[Result "1/2-1/2"]
[WhiteElo "1848"]
[BlackElo "2166"]
[PlyCount "102"]
[EventDate "2018.03.20"]
[EventType "swiss"]
[EventRounds "9"]
[EventCountry "GER"]
[SourceTitle "CBM 183 Extra"]
[Source "ChessBase"]
[SourceDate "2018.04.19"]
[SourceVersion "1"]
[SourceVersionDate "2018.04.19"]
[SourceQuality "1"]

1. e4 e5 2. Nf3 Nc6 3. Bb5 a6 4. Ba4 Nf6 5. 0-0 Be7 6. Re1 b5 7. Bb3 d6 8. h3 Na5 9. c3 Nxb3 10. axb3 0-0 11. d4 exd4 12. Nxd4 Bd7 13. Nd2 Re8 14. Nf1 Bf8 15. Ng3 g6 16. Bg5 h6 17. Bd2 c5 18. Nf3 Bc6 19. Qc2 d5 20. e5 Ne4 21. Rad1 Qc8 22. Nh2 h5 23. Bf4 Bg7 24. f3 Nxg3 25. Bxg3 Qd7 26. Bf2 Bf8 27. f4 Qf5 28. Qxf5 gxf5 29. Nf3 Bd7 30. Ng5 Be6 31. Re3 a5 32. Rg3 Kh8 33. Nxe6 fxe6 34. Rg5 a4 35. Rxh5+ Kg7 36. bxa4 Rxa4 37. Be3 Be7 38. g4 Kg6 39. Kf2 Rea8 40. Kf3 b4 41. Bxc5 Bxc5 42. Rg5+ Kf7 43. gxf5 bxc3 44. bxc3 Rd8 45. fxe6+ Kxe6 46. Rg6+ Kf7 47. Rf6+ Ke7 48. Rc6 Rc4 49. Rc7+ Ke6 50. Rc6+ Kf7 51. Rd3 Ke7 1/2-1/2

[Event "Leipzig VfB op 24th"]
[Site "Leipzig"]
[Date "2017.03.25"]
[Round "8"]
[White "Zuther, Torsten"]
[Black "Alvermann, Christian"]
[Result "1-0"]
[WhiteElo "2121"]
[BlackElo "1904"]
[PlyCount "39"]
[EventDate "2017.03.21"]
[EventType "swiss"]
[EventRounds "9"]
[EventCountry "GER"]
[SourceTitle "EXT 2018"]
[Source "ChessBase"]
[SourceDate "2017.10.13"]
[SourceVersion "1"]
[SourceVersionDate "2017.10.13"]
[SourceQuality "1"]

1. d4 Nf6 2. c4 g6 3. Nc3 Bg7 4. e4 d6 5. Be2 0-0 6. Be3 Nbd7 7. Qd2 e5 8. d5 a5 9. g4 b6 10. f3 Nc5 11. Nh3 h5 12. Nf2 hxg4 13. fxg4 Bxg4 14. Bxg4 Nfxe4 15. Ncxe4 Nxe4 16. Nxe4 f5 17. Bg5 Qe8 18. Bh3 fxe4 19. Be6+ Kh7 20. Qg2 1-0

[Event "Leipzig VfB op 24th"]
[Site "Leipzig"]
[Date "2017.03.21"]
[Round "1"]
[White "Alvermann, Christian"]
[Black "Vogel, Christian1"]
[Result "1/2-1/2"]
[WhiteElo "1904"]
[BlackElo "1314"]
[PlyCount "71"]
[EventDate "2017.03.21"]
[EventType "swiss"]
[EventRounds "9"]
[EventCountry "GER"]
[SourceTitle "EXT 2018"]
[Source "ChessBase"]
[SourceDate "2017.10.13"]
[SourceVersion "1"]
[SourceVersionDate "2017.10.13"]
[SourceQuality "1"]

1. e4 Nf6 2. e5 Nd5 3. d4 d6 4. Nf3 Bg4 5. Be2 Nc6 6. c4 Bxf3 7. Bxf3 Nb6 8. exd6 exd6 9. 0-0 Be7 10. b3 0-0 11. Nc3 Bf6 12. Ne2 a5 13. a4 d5 14. c5 Nc8 15. Bb2 g6 16. Nf4 N8e7 17. Re1 Bg7 18. Bg4 Nb4 19. Nd3 Nec6 20. Nxb4 Nxb4 21. Bc3 Nc6 22. Ra2 h5 23. Bf3 Qd7 24. Qd3 Rfe8 25. Rae2 Kf8 26. h3 Ne7 27. Kh2 c6 28. g3 Qc7 29. Bd2 Nf5 30. Bf4 Qd7 31. Be5 Bxe5 32. Rxe5 Rxe5 33. Rxe5 Re8 34. Rxe8+ Kxe8 35. Qd2 Qc7 36. Kg1 1/2-1/2

[Event "Leipzig VfB op 23rd"]
[Site "Leipzig"]
[Date "2016.03.19"]
[Round "8"]
[White "Alvermann, Christian"]
[Black "Dobierzin, Olaf"]
[Result "0-1"]
[WhiteElo "1904"]
[BlackElo "2011"]
[PlyCount "50"]
[EventDate "2016.03.15"]
[EventType "swiss"]
[EventRounds "9"]
[EventCountry "GER"]
[SourceTitle "EXT 2017"]
[Source "ChessBase"]
[SourceDate "2016.10.25"]
[SourceVersion "1"]
[SourceVersionDate "2016.10.25"]
[SourceQuality "1"]

1. e4 c5 2. Nf3 d6 3. d4 cxd4 4. Nxd4 Nf6 5. Nc3 Nc6 6. Be2 e5 7. Nb3 Be7 8. Be3 Be6 9. 0-0 0-0 10. h3 a5 11. a4 Nb4 12. Bf3 Rc8 13. Qd2 d5 14. exd5 Nfxd5 15. Bxd5 Nxd5 16. Nxd5 Qxd5 17. Qxa5 Rxc2 18. Qxd5 Bxd5 19. Na5 Bb4 20. Rfd1 Be4 21. f3 Bxa5 22. fxe4 Rxb2 23. Rd5 b6 24. Rxe5 Bc3 25. Re7 Re2 0-1

[Event "Leipzig VfB op 23rd"]
[Site "Leipzig"]
[Date "2016.03.16"]
[Round "2"]
[White "Alvermann, Christian"]
[Black "Pruefer, Friedbert"]
[Result "1/2-1/2"]
[WhiteElo "1904"]
[BlackElo "2133"]
[PlyCount "43"]
[EventDate "2016.03.15"]
[EventType "swiss"]
[EventRounds "9"]
[EventCountry "GER"]
[SourceTitle "EXT 2017"]
[Source "ChessBase"]
[SourceDate "2016.10.25"]
[SourceVersion "1"]
[SourceVersionDate "2016.10.25"]
[SourceQuality "1"]

1. e4 d6 2. d4 Nf6 3. Nc3 g6 4. f4 Bg7 5. Nf3 0-0 6. Be2 c5 7. dxc5 Qa5 8. 0-0 Qxc5+ 9. Kh1 Nc6 10. a3 Bg4 11. Qd3 Rac8 12. Be3 Qh5 13. Nd1 d5 14. e5 Ne4 15. Kg1 Rfd8 16. c3 f6 17. exf6 Bxf6 18. Nf2 Nxf2 19. Rxf2 Qf5 20. Qb5 Qd7 21. Rd1 e6 22. h3 1/2-1/2

[Event "Leipzig VfB op 21st"]
[Site "Leipzig"]
[Date "2014.03.08"]
[Round "7"]
[White "Alvermann, Christian"]
[Black "Bruening, Wolfgang"]
[Result "0-1"]
[WhiteElo "1788"]
[BlackElo "1922"]
[PlyCount "38"]
[EventDate "2014.03.04"]
[EventType "tourn"]
[EventRounds "9"]
[EventCountry "GER"]
[SourceTitle "CBM 159 Extra"]
[Source "ChessBase"]
[SourceDate "2014.04.24"]
[SourceVersion "1"]
[SourceVersionDate "2014.04.24"]
[SourceQuality "1"]

1. e4 c5 2. Nf3 e6 3. d4 cxd4 4. Nxd4 Nc6 5. Be3 Nf6 6. Nc3 Bb4 7. Bd3 d5 8. 0-0 Bxc3 9. Nxc6 bxc6 10. exd5 Be5 11. dxc6 0-0 12. Qe2 Qc7 13. g3 Qxc6 14. Bb5 Qc7 15. c3 Bb7 16. f4 Bd6 17. b4 a6 18. Bd3 Qc6 19. Bd4 Ng4 0-1

[Event "Leipzig VfB op 21st"]
[Site "Leipzig"]
[Date "2014.03.05"]
[Round "2"]
[White "Ziese, Gerhard"]
[Black "Alvermann, Christian"]
[Result "1-0"]
[WhiteElo "2000"]
[BlackElo "1788"]
[PlyCount "67"]
[EventDate "2014.03.04"]
[EventType "tourn"]
[EventRounds "9"]
[EventCountry "GER"]
[SourceTitle "CBM 159 Extra"]
[Source "ChessBase"]
[SourceDate "2014.04.24"]
[SourceVersion "1"]
[SourceVersionDate "2014.04.24"]
[SourceQuality "1"]

1. d4 Nf6 2. Nf3 g6 3. c4 Bg7 4. Nc3 0-0 5. e4 d6 6. Be2 Nc6 7. d5 Nb8 8. 0-0 Nbd7 9. h3 c5 10. Be3 a6 11. a4 h5 12. Qd2 Qb6 13. Qc2 Nh7 14. Bd3 Ne5 15. Nxe5 Bxe5 16. a5 Qd8 17. Ne2 Bg7 18. f4 f5 19. e5 dxe5 20. fxe5 Bxe5 21. Bxc5 Bc7 22. b4 b6 23. axb6 Bxb6 24. Bf2 Bxf2+ 25. Rxf2 Bb7 26. Nf4 Rf6 27. c5 Bc8 28. Bc4 Kg7 29. Re1 Ng5 30. Rfe2 Ra7 31. Bd3 Nh7 32. Qc3 Nf8 33. Bc4 Kh6 34. h4 1-0

[Event "Cologne Longerich op-A 10th"]
[Site "Cologne"]
[Date "2013.07.19"]
[Round "1"]
[White "Alvermann, Christian"]
[Black "Meyer, Henrik"]
[Result "1/2-1/2"]
[WhiteElo "1754"]
[BlackElo "1667"]
[PlyCount "68"]
[EventDate "2013.07.19"]
[EventType "tourn"]
[EventRounds "5"]
[EventCountry "GER"]
[SourceTitle "EXT 2017"]
[Source "ChessBase"]
[SourceDate "2016.10.25"]
[SourceVersion "1"]
[SourceVersionDate "2016.10.25"]
[SourceQuality "1"]

1. e4 e6 2. d3 b6 3. Nf3 Bb7 4. g3 c5 5. Bg2 Nc6 6. Nbd2 Qc7 7. 0-0 Nf6 8. Nc4 d6 9. Re1 0-0-0 10. a4 d5 11. exd5 exd5 12. Bh3+ Kb8 13. Bf4 Bd6 14. Nxd6 Rxd6 15. Ng5 Rhd8 16. Be6 fxe6 17. Nxe6 Qd7 18. Nxd8 Nxd8 19. Qe2 Kc8 20. Bxd6 Qxd6 21. Qe7 Qc6 22. d4 Qd7 23. f3 cxd4 24. Rad1 Nc6 25. Qf8+ Kc7 26. b4 Qd6 27. Qxg7+ Kb8 28. b5 Ne5 29. Rf1 d3 30. cxd3 d4 31. Rc1 a5 32. bxa6 Bxa6 33. Qh8+ Ka7 34. Qg7+ Kb8 1/2-1/2

[Event "Leipzig VfB op 19th"]
[Site "Leipzig"]
[Date "2012.03.10"]
[Round "8"]
[White "Alvermann, Christian"]
[Black "Keller, Ralf"]
[Result "1-0"]
[WhiteElo "1722"]
[BlackElo "1490"]
[PlyCount "45"]
[EventDate "2012.03.06"]
[EventType "swiss"]
[EventRounds "9"]
[EventCountry "GER"]
[SourceTitle "CBM 147 Extra"]
[Source "ChessBase"]
[SourceDate "2012.04.24"]
[SourceVersion "1"]
[SourceVersionDate "2012.04.24"]
[SourceQuality "1"]

1. e4 e5 2. Nf3 f5 3. Nxe5 Qf6 4. d4 d6 5. Nc4 fxe4 6. Nc3 Qf7 7. Ne3 Nf6 8. Bc4 Qg6 9. Qe2 c6 10. a4 d5 11. Bb3 Be7 12. Bd2 Bd7 13. 0-0-0 Na6 14. h4 h5 15. f3 Nc7 16. Rde1 Bd6 17. Nf1 0-0-0 18. fxe4 dxe4 19. Nxe4 Nxe4 20. Qxe4 Bf5 21. Qf3 Rhf8 22. Ne3 Bxc2 23. Bxc2 1-0

[Event "Leipzig VfB op 19th"]
[Site "Leipzig"]
[Date "2012.03.08"]
[Round "5"]
[White "Liedmann, Hans Joerg"]
[Black "Alvermann, Christian"]
[Result "1-0"]
[WhiteElo "1887"]
[BlackElo "1722"]
[PlyCount "47"]
[EventDate "2012.03.06"]
[EventType "swiss"]
[EventRounds "9"]
[EventCountry "GER"]
[SourceTitle "CBM 147 Extra"]
[Source "ChessBase"]
[SourceDate "2012.04.24"]
[SourceVersion "1"]
[SourceVersionDate "2012.04.24"]
[SourceQuality "1"]

1. e4 c5 2. Nf3 e6 3. d4 cxd4 4. Nxd4 Nf6 5. Bd3 a6 6. 0-0 d6 7. c4 Be7 8. Nc3 Nbd7 9. f4 Qb6 10. Be3 Qc7 11. Rc1 b6 12. g4 h6 13. Qf3 Bb7 14. g5 Nh7 15. g6 fxg6 16. Nxe6 Qc8 17. Nd5 Nhf6 18. Nec7+ Kf7 19. Nxa8 Qxa8 20. Qg3 Nc5 21. Bxc5 bxc5 22. Nxe7 Kxe7 23. Qxg6 Kd8 24. e5 1-0

[Event "Leipzig VfB op 18th"]
[Site "Leipzig"]
[Date "2011.03.26"]
[Round "8"]
[White "Alvermann, Christian"]
[Black "Teichmann, Felix"]
[Result "1/2-1/2"]
[WhiteElo "1738"]
[BlackElo "1442"]
[PlyCount "64"]
[EventDate "2011.03.20"]
[EventType "swiss"]
[EventRounds "9"]
[EventCountry "GER"]
[SourceTitle "CBM 141 Extra"]
[Source "ChessBase"]
[SourceDate "2011.05.03"]
[SourceVersion "1"]
[SourceVersionDate "2011.05.03"]
[SourceQuality "1"]

1. e4 c5 2. Nf3 b6 3. d4 cxd4 4. Nxd4 a6 5. c4 e6 6. Nc3 Bb7 7. Be2 d6 8. Be3 Nf6 9. Qc2 Be7 10. 0-0 Nbd7 11. f4 0-0 12. b3 Qc7 13. a4 Rfc8 14. Nf3 Rab8 15. Nd2 Re8 16. g4 Nc5 17. b4 Ncd7 18. g5 Nf8 19. gxf6 Bxf6 20. Rf3 g6 21. Raf1 Bg7 22. Nb3 Qe7 23. a5 f5 24. Bxb6 Nd7 25. Bd4 Nf6 26. Bxf6 Bxf6 27. Rg3 e5 28. Rg2 exf4 29. Nd5 Bxd5 30. exd5 Qe3+ 31. Kh1 Rxb4 32. Nc1 Rb2 1/2-1/2

[Event "Leipzig VfB op 18th"]
[Site "Leipzig"]
[Date "2011.03.24"]
[Round "5"]
[White "Eichhorn, Mike"]
[Black "Alvermann, Christian"]
[Result "1/2-1/2"]
[WhiteElo "1179"]
[BlackElo "1738"]
[PlyCount "89"]
[EventDate "2011.03.20"]
[EventType "swiss"]
[EventRounds "9"]
[EventCountry "GER"]
[SourceTitle "CBM 141 Extra"]
[Source "ChessBase"]
[SourceDate "2011.05.03"]
[SourceVersion "1"]
[SourceVersionDate "2011.05.03"]
[SourceQuality "1"]

1. e4 c5 2. Nf3 e6 3. d4 cxd4 4. Nxd4 Bc5 5. Nc3 Ne7 6. Be3 0-0 7. Be2 Qb6 8. 0-0 a6 9. Rb1 d6 10. Kh1 Bxd4 11. Qxd4 Qxd4 12. Bxd4 Nbc6 13. Be3 f5 14. Rbd1 fxe4 15. Rxd6 Nf5 16. Rd2 Nxe3 17. fxe3 Rxf1+ 18. Bxf1 e5 19. Nxe4 Be6 20. a3 Rf8 21. Rf2 Rd8 22. Rd2 Rf8 23. Rf2 Rd8 24. Bd3 Ne7 25. Ng5 Bf5 26. Bc4+ Kf8 27. Ne6+ Ke8 28. Nxd8 Kxd8 29. c3 Kc7 30. e4 Bxe4 31. Rf7 Kd6 32. Rxg7 Bc2 33. Ba2 e4 34. Rxh7 Nf5 35. Bc4 e3 36. Be2 Ng3+ 37. hxg3 Bxh7 38. Bf3 b6 39. Kg1 Ke5 40. Kf1 Bd3+ 41. Ke1 a5 42. Be2 Be4 43. Bf3 Bd3 44. Kd1 Bc4 45. Bb7 1/2-1/2

[Event "GER-ch Net qual2 U25"]
[Site "Playchess.com INT"]
[Date "2009.05.13"]
[Round "6"]
[White "Schwertler, Philipp"]
[Black "Alvermann, Christian"]
[Result "1-0"]
[WhiteElo "2020"]
[BlackElo "1363"]
[PlyCount "39"]
[EventDate "2009.05.13"]
[EventType "swiss (blitz)"]
[EventRounds "7"]
[EventCountry "GER"]
[SourceTitle "CBM 130 Extra"]
[Source "ChessBase"]
[SourceDate "2009.07.02"]
[SourceVersion "2"]
[SourceVersionDate "2009.07.15"]
[SourceQuality "1"]

1. d4 Nf6 2. c4 g6 3. Nc3 Bg7 4. e4 d6 5. f4 0-0 6. Nf3 Bg4 7. Be2 Bxf3 8. Bxf3 Nfd7 9. 0-0 c6 10. e5 dxe5 11. fxe5 Nb6 12. d5 Bxe5 13. Bh6 Bg7 14. Bxg7 Kxg7 15. Qd4+ Kg8 16. Rae1 e6 17. Ne4 cxd5 18. Nf6+ Kg7 19. Ne8+ Kg8 20. Qg7# 1-0